| 000 | 00675nam a2200241Ia 4500 | ||
|---|---|---|---|
| 003 | OSt | ||
| 005 | 20220916111117.0 | ||
| 006 | a|||||r|||| 00| 0 | ||
| 007 | ta | ||
| 008 | 220915b |||||||| |||| 00| 0 eng d | ||
| 024 | _a252055 | ||
| 037 | _cTextbook | ||
| 040 |
_beng _aARTS _cARTS |
||
| 041 | _aeng | ||
| 082 | _aV5541:3.N7, L9 | ||
| 100 | _aMcCauley Martin | ||
| 245 | 0 | _aMarxism-Leninism in the German democratic republic : the socialist unity party (SED) | |
| 260 |
_aLondon _bThe Macmillan Press Ltd |
||
| 300 |
_axxi,259p _ccm. |
||
| 650 | _aHISTORY | ||
| 942 |
_hV5541:3.N7, L9 _cTB _2CC |
||
| 999 |
_c105719 _d105719 |
||